| 000 | 00344nam a22001457a 4500 | ||
|---|---|---|---|
| 999 |
_c195253 _d195253 |
||
| 003 | OSt | ||
| 082 | _aIGIDR/AR 2018-19 | ||
| 245 | _aAnnual report 2018-19 | ||
| 260 |
_aMumbai _bIndira Gandhi Institute of Development Research _c2019 |
||
| 300 | _a86p. | ||
| 546 | _aEnglish | ||
| 650 | _aAnnual report | ||
| 700 | _aIGIDR | ||
| 942 |
_2ddc _cREP |
||